000 01088nam a22002657a 4500
008 130821s2003 ck a gr spa
020 _a9588192390
040 _aCo-BoUCM
_bspa
041 0 0 _aspa
100 1 _aFino Serrano, Guillermo.
_981700
245 0 0 _aEl sistema aduanero en Colombia teoría y práctica Guillermo Fino Serrano
260 _aBogotá (Colombia)
_bEdiciones Jurídicas Gustavo Ibáñez
_c2003
300 _a569 páginas
_btablas cuadros
504 _aIncluye bibliografía
650 0 4 _aAduanas
_xLegislación
_zColombia
_940919
650 0 4 _aAranceles de aduana
_xLegislación
_zColombia
_99296
650 0 4 _aComercio exterior
_xLegislación
_zColombia
_911201
650 0 4 _aControl de exportaciones
_xLegislación
_zColombia
_911883
650 0 4 _aControl de importaciones
_xLegislación
_zColombia
_985025
650 0 4 _aRegulación del comercio exterior
_zColombia
_923371
700 1 _aVasco Martinez, Rubén.
_981701
700 1 _aVecino Arenas, Carlos Enrique .
_9171835
942 _cLIBRO
_a8
_e1
_mF491s
_2DEWEY
_h343.056
999 _c92129
_d92129